| 000 | 00379nam a2200133 a 4500 | ||
|---|---|---|---|
| 005 | 20140414132109.0 | ||
| 008 | 110106s19uu xx 00 eng d | ||
| 050 |
_aTR _bB35 2010 |
||
| 245 |
_aBeauty and the Beast busy day : _ba little book of actions. |
||
| 260 |
_aQueenstreet, UK : _bParragon, _c2010. |
||
| 440 | _aDisney Board Book | ||
| 650 | _aAction book | ||
| 999 |
_c114674 _d114674 |
||